<?xml version="1.0" encoding="UTF-8"?>
<record
    xmlns:xsi="http://www.w3.org/2001/XMLSchema-instance"
    xsi:schemaLocation="http://www.loc.gov/MARC21/slim http://www.loc.gov/standards/marcxml/schema/MARC21slim.xsd"
    xmlns="http://www.loc.gov/MARC21/slim">

  <leader>01902nam a2200265 i 4500</leader>
  <controlfield tag="005">20211120131847.0</controlfield>
  <controlfield tag="008">210221s2014    -uka|||g  ||| 001 0 eng d</controlfield>
  <datafield tag="020" ind1=" " ind2=" ">
    <subfield code="a">9781849755566</subfield>
    <subfield code="c">RM 18.63</subfield>
    <subfield code="q">hardback</subfield>
  </datafield>
  <datafield tag="040" ind1=" " ind2=" ">
    <subfield code="a">PPAK</subfield>
    <subfield code="b">eng</subfield>
    <subfield code="c">PPAK</subfield>
    <subfield code="e">rda</subfield>
  </datafield>
  <datafield tag="082" ind1="0" ind2="4">
    <subfield code="2">23</subfield>
    <subfield code="a">641.6313</subfield>
  </datafield>
  <datafield tag="090" ind1="0" ind2="0">
    <subfield code="a">641.6313</subfield>
    <subfield code="b">FIN</subfield>
    <subfield code="d">G</subfield>
  </datafield>
  <datafield tag="100" ind1="1" ind2=" ">
    <subfield code="a">Finegold, Amy Ruth, </subfield>
    <subfield code="e">author.</subfield>
  </datafield>
  <datafield tag="245" ind1="1" ind2="0">
    <subfield code="a">FOR THE LOVE OF oats :</subfield>
    <subfield code="b">delicious recipes for healthy breakfasts, snacks, bakes and drinks /</subfield>
    <subfield code="c">Amy Ruth Finegold ; photography by Clare Winfield</subfield>
  </datafield>
  <datafield tag="264" ind1=" " ind2="1">
    <subfield code="a">London :</subfield>
    <subfield code="b">Ryland Peters &amp; Small, </subfield>
    <subfield code="c">2014</subfield>
  </datafield>
  <datafield tag="300" ind1=" " ind2=" ">
    <subfield code="a">64 pages :</subfield>
    <subfield code="b">colour illustrations ;</subfield>
    <subfield code="c">20 cm.</subfield>
  </datafield>
  <datafield tag="336" ind1=" " ind2=" ">
    <subfield code="a">text</subfield>
    <subfield code="a">still image</subfield>
    <subfield code="2">rdacontent</subfield>
  </datafield>
  <datafield tag="337" ind1=" " ind2=" ">
    <subfield code="a">unmediated</subfield>
    <subfield code="2">rdamedia</subfield>
  </datafield>
  <datafield tag="338" ind1=" " ind2=" ">
    <subfield code="a">volume</subfield>
    <subfield code="2">rdacarrier</subfield>
  </datafield>
  <datafield tag="500" ind1=" " ind2=" ">
    <subfield code="a">Includes index.</subfield>
  </datafield>
  <datafield tag="520" ind1=" " ind2=" ">
    <subfield code="a">More than 30 recipes for deliciously oaty breakfasts, superfood snacks, toasted treats and drinks. Whether soaked, baked, toasted or blended, oatmeal possesses some of the most potent health-giving properties; it is packed with vitamins and dietary fibre, and is known to support the immune system. Oatmeal is also a fantastic vehicle for introducing other deliciously healthy foods, from fresh fruit to probiotic yogurt and antioxidant-rich chocolate to honey. With chapters on Oatmeal &amp; Porridge, Muesli &amp; Granola, Bars &amp; Cookies, Muffins &amp; Cakes and Drinks and recipes that really get the tastebuds working, you'll be spoilt for choice. From super healthy Quinoa Oatmeal to Pumpkin Spice Porridge, Bircher Berries and No-bake Maple Clusters, these oaty breakfasts pack the perfect punch. For energy-boosting snacks and treats, try Ginger Cashew Bars and Classic Chocolate Chip Cookies. And, if you still haven't had your fill of oats, try the moreish Blueberry or Peanut Butter Oat Smoothies.</subfield>
  </datafield>
  <datafield tag="650" ind1="1" ind2="0">
    <subfield code="a">Cooking (Oats).</subfield>
  </datafield>
  <datafield tag="650" ind1="2" ind2="0">
    <subfield code="a">Cookbooks.</subfield>
  </datafield>
  <datafield tag="700" ind1="1" ind2=" ">
    <subfield code="a">Winfield, Clare, </subfield>
    <subfield code="e">photographer.</subfield>
  </datafield>
  <datafield tag="942" ind1=" " ind2=" ">
    <subfield code="2">ddc</subfield>
    <subfield code="c">B</subfield>
  </datafield>
  <datafield tag="999" ind1=" " ind2=" ">
    <subfield code="c">182179</subfield>
    <subfield code="d">182179</subfield>
  </datafield>
  <datafield tag="952" ind1=" " ind2=" ">
    <subfield code="0">0</subfield>
    <subfield code="7">0</subfield>
    <subfield code="b">PPAK</subfield>
    <subfield code="c">G</subfield>
    <subfield code="d">2021-06-28</subfield>
    <subfield code="o">641.6313 FIN</subfield>
    <subfield code="p">A01685126</subfield>
    <subfield code="r">2021-06-28 00:00:00</subfield>
    <subfield code="y">B</subfield>
  </datafield>
</record>
